| 000 | 00550nam a2200193Ia 4500 | ||
|---|---|---|---|
| 005 | 20250820114510.0 | ||
| 008 | 008 250516s9999 xx 000 0 hin d | ||
| 020 | _a9788196202262 | ||
| 040 |
_beng _cSDCL |
||
| 041 |
_ahin _2hin |
||
| 084 | _aO152,6M84x R5 | ||
| 100 |
_aSinha, Raman _9398752 |
||
| 245 | 0 | _aUma Nehru Ki Kuch Gadya-Rachanyen | |
| 246 | _aउमा नेहरु की कुछ गध - रचनाये | ||
| 260 |
_aDelhi: _bAnanya Prakashan, _c2025. |
||
| 300 | _a208p. | ||
| 650 | _aHindi | ||
| 942 |
_cTEXL _2CC |
||
| 999 |
_c1429216 _d1429216 |
||